| 000 | 00898nam a2200265 4500 | ||
|---|---|---|---|
| 003 | OSt | ||
| 005 | 20260530113847.0 | ||
| 008 | 260421b1972 xxu |||| |||| 00| 0 eng d | ||
| 040 |
_aICI _bspa _cICI |
||
| 050 | 0 |
_aGF41 _bM355513 1972 |
|
| 100 | 1 |
_aMaldonado, Tomás, _d1922- _930864 |
|
| 240 | 1 | 0 |
_aSperanza progettuale. _lInglés |
| 245 | 1 | 0 |
_aDesign, nature, and revolution : _btoward a critical ecology / _cTomás Maldonado ; translated from the italian by Mario Domandi |
| 264 | 1 |
_bHarper & Row, _c1972 _aNew York : |
|
| 300 |
_a139 páginas _c21cm |
||
| 336 |
_atexto _2rdacontent |
||
| 337 |
_asin medio _2rdamedia |
||
| 338 |
_avolumen _2rdacarrier |
||
| 500 | _aTraducción de: Speranza progettuale | ||
| 650 | 0 |
_aEcología humana _930865 |
|
| 650 | 0 |
_aPolítica ambiental _930866 |
|
| 650 | 0 |
_aPlanificación _930867 |
|
| 700 | 1 |
_aDomandi, Mario, _etraductor _930868 |
|
| 942 |
_2lcc _cBK |
||
| 999 |
_c11340 _d11340 |
||